Jste správně pojištěni?

Informácie o poistení pre cesty a pobyt v cudzine. Prehľad poistiek poskytnutý Českou poisťovnou v Prahe 1. Združené poistenie pre cesty a pobyt. Poistenie motorových vozidiel pre cesty do zahraničia. Havarijné poistenie pre cudzinu. Sadzby tohto poistenia. Sadzby ostatného poistenia. Poistná udalos...

ver descrição completa

Na minha lista:
Detalhes bibliográficos
Formato: Capítulo de Livro
Idioma:tcheco
Assuntos:
Tags: Adicionar Tag
Sem tags, seja o primeiro a adicionar uma tag!

MARC

LEADER 00000naa a2200000 4500
001 r006696
005 20221125075624.8
041 0 |a cze 
044 |a [CS] 
245 1 0 |a Jste správně pojištěni? 
520 |a Informácie o poistení pre cesty a pobyt v cudzine. Prehľad poistiek poskytnutý Českou poisťovnou v Prahe 1. Združené poistenie pre cesty a pobyt. Poistenie motorových vozidiel pre cesty do zahraničia. Havarijné poistenie pre cudzinu. Sadzby tohto poistenia. Sadzby ostatného poistenia. Poistná udalosť v zahraničí. Poistenie liečebných výdavkov pri ceste do zahraničia. 
610 2 0 |a poistenie 
610 2 0 |a poistenie havarijné 
610 2 0 |a poistenie združené 
610 2 0 |a poistenie úrazové 
610 2 0 |a údaje štatistické 
610 2 0 |a Čechy